logo

Bir Sreshtho Munshi Abdur Rouf Library
Jhenaidah Cadet College

Lands of the Commonwealth / (Record no. 8577)

MARC details
000 -LEADER
fixed length control field 00754cam a22002651 4500
001 - CONTROL NUMBER
JCCL Control Number 8577
003 - CONTROL NUMBER IDENTIFIER
JCCL marc code BD-JhCC
005 - DATE AND TIME OF LATEST TRANSACTION
control field 20180227182907.0
008 - FIXED-LENGTH DATA ELEMENTS--GENERAL INFORMATION
fixed length control field 920131s1959 enka 000 0 eng
035 ## - SYSTEM CONTROL NUMBER
system control number (BD-JhCC)8577
035 ## - SYSTEM CONTROL NUMBER
system control number (OCoLC)25973965
040 ## - CATALOGING SOURCE
Original cataloging agency DLC
Transcribing agency NIC
Modifying agency Uk
-- DLC
-- BD-JhCC
041 ## - LANGUAGE CODE
Language code of Book eng
050 00 - LIBRARY OF CONGRESS CALL NUMBER
Classification number JV1027
Item number .P6 1959
082 00 - DEWEY DECIMAL CLASSIFICATION NUMBER
Classification number 325.342
Author mark and Year POL 1959
100 1# - MAIN ENTRY--PERSONAL NAME
Personal name Polkinghorne, Ruby Kathleen,
Dates associated with a name 1883-
245 10 - TITLE STATEMENT
Title Lands of the Commonwealth /
Statement of responsibility, etc by R.K. and M.I.R. Polkinghorne.
250 ## - EDITION STATEMENT
Edition statement New ed., rev.
260 ## - PUBLICATION, DISTRIBUTION, ETC. (IMPRINT)
Place of publication, distribution, etc London :
Name of publisher, distributor, etc Harrap,
Date of publication, distribution, etc 1959.
300 ## - PHYSICAL DESCRIPTION
Pagination 220 p. :
Other physical details ill. ;
Dimensions 21 cm.
651 #0 - SUBJECT ADDED ENTRY--GEOGRAPHIC NAME
Geographic name Great Britain
General subdivision Colonies.
700 1# - ADDED ENTRY--PERSONAL NAME
Personal name Polkinghorne, Mabel Irene Rutherford,
Dates associated with a name 1882-
942 ## - ADDED ENTRY ELEMENTS (KOHA)
Source of classification or shelving scheme Dewey Decimal Classification
Koha item type Books
Holdings
Source of classification or shelving scheme Damaged status Not for loan Home library Current library Shelving location Total Checkouts Full call number Barcode Date last seen Copy number Koha item type
Dewey Decimal Classification     JCC Rouf Library JCC Rouf Library General Stacks   325.342 POL 1959 11057 02/27/2018 C - 1 Books

JCC Library | Contacts | JCC Home

Last Update on 23 September 2017
Copyright @ 2017-2020 JCC Rouf Library
Rouf Library, Jhenidah Cadet College (JCC), Bangladesh